000 01129aam a2200325 i 4500
001 768714001
003 CO-MdFUSB
005 20220117130253.0
007 ta
008 220117t1974 sp |||| |||| 00| 0 spa d
020 _a8472281337
040 _bspa.
_aCO-MdFUSB
_cCO-MdFUSB
_dCO-MdFUSBC
_erda
041 _aspa
082 0 4 _a362.74
_223
_bW681d
100 1 _aWilkerson, David
_eautor
240 _a Get your hands of my throat
245 1 0 _aDejad de apretarme el cuello
_c/ David Wilkerson ; traducido por Eliseo Vila
264 1 _aTerrassa, Barcelona :
_bClie,
_c[1974]
264 4 _c© 1974
300 _a133 páginas
_c; 18 cm
336 _atexto
_btxt
_2rdacontent
337 _2rdamedia
_asin mediación
_bn
338 _2rdacarrier
_avolumen
_bnc
505 _aDejad de apretarme el cuello. -- La batalla de los cabellos largos. -- Moisés y los festivales musicales. -- La revolución de Jesús. -- Las drogas. -- El derrumbamiento. -- Los fugitivos.
563 _aRústico
650 7 _9179
_aTeología doctrinal
700 _94770
_aVila, Eliseo,
_etraductor
942 _cBK
945 _aJTF-925
999 _c39688
_d39688